000 01049cam a22002054a 4500
005 20250605164032.0
008 250528s ||||||||||||||||||||||||d
035 _a16665
020 _a787957453
040 _aGR-AtMCL
_bgre
_dGR-AtMCL
_eAACR2
245 1 _aDesigning Organizations / An Executive Guide to Strategy, Structure, and Process: New and Revised
250 _a1st
260 _bJossey-Bass Publishers,
_c2002
300 _a206
520 _aA must-read for anyone who is ready for a dose of clear thinking on organizational strategy and design. Six Immutable Forces Shaping Today's Organizations, Choosing an Effective Design, Matching Strategy and Structure, Linking Processes to Coordination Needs, Creating and Integrating Group Processes, Designing a Reconfigurable Organization, Organizing Around the Customer, Customer-Focused Structures, Creating a Virtual Corporation, Organizing the Continuous Design Process, References, Index.
700 1 _aGalbraith Jay
_92747
942 _cBK
999 _c2140
_d2140